| 000 | 00393nam a22001337a 4500 | ||
|---|---|---|---|
| 082 |
_a516.15 _bLow _cl-2, p-20 |
||
| 100 |
_aDavid Allan Low _939396 |
||
| 245 |
_aPractical geometry and graphics _cDavid Allan Low |
||
| 260 |
_aLondon _bLongmans, Green and Co. _c1948 |
||
| 300 |
_a448 p. : _bill, ; _c20 cm. |
||
| 526 |
_a0 _b0 _c0 _d516_150000000000000_LOW |
||
| 650 |
_aMCE _9379 |
||
| 942 |
_2ddc _cBK |
||
| 999 |
_c543895 _d543895 |
||